<?xml version="1.0" encoding="UTF-8"?>
<collection xmlns="http://www.loc.gov/MARC21/slim">
 <record>
  <leader>01044pam a22002418a 4500</leader>
  <controlfield tag="001">00025587</controlfield>
  <controlfield tag="005">20171026081023.0</controlfield>
  <controlfield tag="008">110809s2010                  ||||||viesd</controlfield>
  <datafield tag="041" ind1="0" ind2="#">
   <subfield code="a">vie</subfield>
  </datafield>
  <datafield tag="082" ind1="1" ind2="4">
   <subfield code="a">540.7</subfield>
   <subfield code="b">C101PH</subfield>
  </datafield>
  <datafield tag="245" ind1="0" ind2="0">
   <subfield code="a">Các phương pháp phân tích trong hóa học</subfield>
   <subfield code="c">Makoto Takagi ch.b; Trần Thị Ngọc Lan dịch</subfield>
  </datafield>
  <datafield tag="260" ind1="#" ind2="#">
   <subfield code="a">Tp. Hồ Chí Minh</subfield>
   <subfield code="b">ĐH Quốc gia Tp. Hồ Chí Minh</subfield>
   <subfield code="c">2010</subfield>
  </datafield>
  <datafield tag="300" ind1="#" ind2="#">
   <subfield code="a">378 tr.</subfield>
   <subfield code="c">26 cm.</subfield>
  </datafield>
  <datafield tag="650" ind1="#" ind2="4">
   <subfield code="a">Hóa học</subfield>
  </datafield>
  <datafield tag="650" ind1="#" ind2="4">
   <subfield code="a">Phân tích</subfield>
  </datafield>
  <datafield tag="650" ind1="#" ind2="4">
   <subfield code="a">Phương pháp</subfield>
  </datafield>
  <datafield tag="700" ind1="1" ind2="#">
   <subfield code="a">Takagi, Makoto</subfield>
   <subfield code="e">ch.b</subfield>
  </datafield>
  <datafield tag="700" ind1="1" ind2="#">
   <subfield code="a">Trần Thị Ngọc Lan</subfield>
   <subfield code="e">dịch</subfield>
  </datafield>
  <datafield tag="852" ind1="#" ind2="#">
   <subfield code="b">Kho đọc</subfield>
   <subfield code="j">KD.0010573</subfield>
  </datafield>
  <datafield tag="852" ind1="#" ind2="#">
   <subfield code="j">KD.0010573</subfield>
   <subfield code="j">KM.0007056</subfield>
   <subfield code="j">KM.0005849</subfield>
   <subfield code="j">KM.0005711</subfield>
   <subfield code="j">KM.0005700</subfield>
   <subfield code="j">KM.0005702</subfield>
   <subfield code="j">KM.0005814</subfield>
   <subfield code="j">KM.0005709</subfield>
   <subfield code="j">KM.0005699</subfield>
   <subfield code="j">KM.0005708</subfield>
  </datafield>
  <datafield tag="852" ind1="#" ind2="#">
   <subfield code="j">KM.0005708, KM.0007056, KM.0005849, KM.0005711, KM.0005699, KM.0005700, KM.0005702, KM.0005814, KM.0005709</subfield>
   <subfield code="b">Kho mượn</subfield>
  </datafield>
  <datafield tag="910" ind1=" " ind2=" ">
   <subfield code="d">09/08/2011</subfield>
  </datafield>
  <datafield tag="980" ind1="#" ind2="#">
   <subfield code="a">Trung tâm Học liệu Lê Vũ Hùng, Trường Đại học Đồng Tháp</subfield>
  </datafield>
 </record>
</collection>
